The navigator : (Record no. 174438)
[ view plain ]
| 000 -LEADER | |
|---|---|
| fixed length control field | 01391cam a2200385 a 4500 |
| 001 - CONTROL NUMBER | |
| control field | 14775312 |
| 003 - CONTROL NUMBER IDENTIFIER | |
| control field | Nust |
| 005 - DATE AND TIME OF LATEST TRANSACTION | |
| control field | 20220829123315.0 |
| 008 - FIXED-LENGTH DATA ELEMENTS--GENERAL INFORMATION | |
| fixed length control field | 070320s2007 nyu 000 1 eng |
| 010 ## - LIBRARY OF CONGRESS CONTROL NUMBER | |
| LC control number | 2007011882 |
| 020 ## - INTERNATIONAL STANDARD BOOK NUMBER | |
| International Standard Book Number | 9780141036175 |
| Terms of availability | Rs. 476 |
| 035 ## - SYSTEM CONTROL NUMBER | |
| System control number | (OCoLC)ocm86117794 |
| 035 ## - SYSTEM CONTROL NUMBER | |
| System control number | (OCoLC)86117794 |
| 038 ## - RECORD CONTENT LICENSOR | |
| Staff Name | Arshad |
| 040 ## - CATALOGING SOURCE | |
| Original cataloging agency | DLC |
| Transcribing agency | DLC |
| Modifying agency | BAKER |
| -- | JTE |
| -- | C#P |
| -- | BTCTA |
| -- | YDXCP |
| -- | VP@ |
| -- | IXA |
| -- | DLC |
| 043 ## - GEOGRAPHIC AREA CODE | |
| Geographic area code | a-iq--- |
| 050 00 - LIBRARY OF CONGRESS CALL NUMBER | |
| Classification number | PS3553.U75 |
| Item number | N38 2007 |
| 082 00 - DEWEY DECIMAL CLASSIFICATION NUMBER | |
| Classification number | 823 |
| Author Mark | CUS |
| 100 1# - MAIN ENTRY--PERSONAL NAME | |
| Personal name | Cussler, Clive. |
| 9 (RLIN) | 12104 |
| 245 14 - TITLE STATEMENT | |
| Title | The navigator : |
| Remainder of title | a novel from the NUMA files / |
| Statement of responsibility, etc. | Clive Cussler with Paul Kemprecos. |
| 260 ## - PUBLICATION, DISTRIBUTION, ETC. | |
| Place of publication, distribution, etc. | New York : |
| Name of publisher, distributor, etc. | G.P. Putnam's Sons, |
| Date of publication, distribution, etc. | 2007. |
| 300 ## - PHYSICAL DESCRIPTION | |
| Extent | 552 p. ; |
| Dimensions | 24 cm. |
| 490 1# - SERIES STATEMENT | |
| Series statement | Kurt Austin adventures |
| 650 #0 - SUBJECT ADDED ENTRY--TOPICAL TERM | |
| Topical term or geographic name entry element | Austin, Kurt (Fictitious character) |
| Form subdivision | Fiction. |
| 9 (RLIN) | 12105 |
| 650 #0 - SUBJECT ADDED ENTRY--TOPICAL TERM | |
| Topical term or geographic name entry element | Marine scientists |
| Form subdivision | Fiction. |
| 9 (RLIN) | 12106 |
| 650 #0 - SUBJECT ADDED ENTRY--TOPICAL TERM | |
| Topical term or geographic name entry element | Iraq War, 2003-2011 |
| General subdivision | Destruction and pillage |
| Form subdivision | Fiction. |
| 9 (RLIN) | 12107 |
| 650 #0 - SUBJECT ADDED ENTRY--TOPICAL TERM | |
| Topical term or geographic name entry element | Archaeological thefts |
| Geographic subdivision | Iraq |
| Form subdivision | Fiction. |
| 9 (RLIN) | 12108 |
| 651 #0 - SUBJECT ADDED ENTRY--GEOGRAPHIC NAME | |
| Geographic name | Iraq |
| General subdivision | Antiquities |
| Form subdivision | Fiction. |
| 9 (RLIN) | 12109 |
| 655 #7 - INDEX TERM--GENRE/FORM | |
| Genre/form data or focus term | Adventure fiction. |
| Source of term | gsafd |
| 9 (RLIN) | 5620 |
| 700 1# - ADDED ENTRY--PERSONAL NAME | |
| Personal name | Kemprecos, Paul. |
| 9 (RLIN) | 12110 |
| 800 1# - SERIES ADDED ENTRY--PERSONAL NAME | |
| Personal name | Cussler, Clive. |
| Title of a work | Kurt Austin adventures. |
| 9 (RLIN) | 12111 |
| 906 ## - LOCAL DATA ELEMENT F, LDF (RLIN) | |
| a | 7 |
| b | cbc |
| c | orignew |
| d | 1 |
| e | ecip |
| f | 20 |
| g | y-gencatlg |
| 942 ## - ADDED ENTRY ELEMENTS (KOHA) | |
| Source of classification or shelving scheme | |
| Koha item type | Book |
| Withdrawn status | Lost status | Source of classification or shelving scheme | Damaged status | Not for loan | Permanent Location | Current Location | Shelving location | Date acquired | Total Checkouts | Full call number | Barcode | Date last seen | Date last checked out | Copy number | Price effective from | Koha item type |
|---|---|---|---|---|---|---|---|---|---|---|---|---|---|---|---|---|
| Central Library (CL) | Central Library (CL) | Fiction | 01/26/2017 | 2 | 823 CUS | CL505 | 01/05/2023 | 11/18/2022 | 1 | 01/26/2017 | Book |
